| 000 | 00357nam a2200133Ia 4500 | ||
|---|---|---|---|
| 005 | 20260328104312.0 | ||
| 008 | 260328s9999||||xx |||||||||||||| ||und|| | ||
| 100 | _aRengel, Roberto | ||
| 245 | 4 |
_aThe Interior Plan : _b Concepts and Exercises / _cRoberto Rengel |
|
| 260 | _bBloomsbury | ||
| 300 | _a336 p. | ||
| 650 | _aDIBUJO ARQUITECTÓNICO | ||
| 942 | _cBK | ||
| 999 |
_c11023 _d11023 |
||